000 00434nam a22001817a 4500
003 MPLRDC
005 20220104113630.0
008 210129b ||||| |||| 00| 0 eng d
020 _a962-447-039-1
082 _a857.621 NK-5 v.3
100 _a倪匡
245 _a从阴间来
_c
260 _a
_b明窗出版社
_c
300 _b
490 _a卫斯理科幻系列. 3
650 _a科幻小说
942 _cBK
_o857.621 NK-5 v.3
999 _c1146
_d1136